Istanbul istanbul (Record no. 165311)

MARC details
000 -LEADER
fixed length control field 00484nam a22001817a 4500
005 - DATE AND TIME OF LATEST TRANSACTION
control field 20190613161323.0
010 ## - LCCN (DPL NO)
LC control number ENG-125579
020 ## - INTERNATIONAL STANDARD BOOK NUMBER
International Standard Book Number 9789386050403
Terms of availability 399.00
035 ## - SYSTEM CONTROL NUMBER
System control number EN-109111
037 ## - SOURCE OF ACQUISITION
Source of stock number/acquisition DBAD/PUB
082 ## - DEWEY DECIMAL CLASSIFICATION NUMBER
Classification number N
100 ## - MAIN ENTRY--PERSONAL NAME
Personal name Sonmez, Burhan
245 ## - TITLE STATEMENT
Title Istanbul istanbul
Statement of responsibility, etc by Ananda Gopal Gupta
260 ## - PUBLICATION, DISTRIBUTION, ETC. (IMPRINT)
Place of publication, distribution, etc New Delhi
Name of publisher, distributor, etc Speaking Tiger Publishers
270 ## - ADDRESS
Address 4381/4, Ansari Road
City New Delhi
Postal code 110002
300 ## - PHYSICAL DESCRIPTION
Extent 252p.
Dimensions 20cm(pbk)
942 ## - ADDED ENTRY ELEMENTS (KOHA)
Source of classification or shelving scheme Dewey Decimal Classification
Item type English Books
Classification part N
Call number suffix SON
Holdings
Withdrawn status Lost status Not for loan Collection code Home library Current library Date acquired Source of acquisition Cost, normal purchase price Full call number Barcode Copy number Cost, replacement price Koha item type
      Fiction Sarojini Nagar Sarojini Nagar 13/06/2019 DBAD/PUB 399.00 N SON EN-109111 1 399.00 English Books

© Delhi Public Library
Hit Counter
free hit counter